Taiko no Tatsujin Characters - Statistics

General Stats
  • This quiz has been taken 18 times
  • The average score is 7 of 13
Answer Stats
Picture Answer % Correct
Don
100%
Katsu
83%
Donko
75%
Currycutta Dondy
67%
John
67%
Yomogimaru
58%
Inu
50%
Master Bachio
50%
Mimizu
42%
Neko and Shaxy
42%
Kabuki Kid
33%
Namahage
33%
Suzudon
33%
No matching quizzes found
Score Distribution
Percent of People with Each Score
Percentile by Number Answered
Your Score History
You have not taken this quiz